000
00295nam a22001337a 4500
008
171012b xxu||||| |||| 00| 0 eng d
020
_a
9780205277728
041
_a
eng
080
_2
5 ED
_a
316
100
_a
50
101
_a
SOC
245
_a
SOCIAL GERONTOLOGY
_c
HOYMAN.N
942
_2
udc
_c
BK
999
_c
33472
_d
33472